000 00625nam a2200241 a 4500
001 nice12345678
003 IN_TiNIC
005 20260116014548.0
008 050524s1997 dela grp 000 0 eng
020 _a8185220
_c450
082 0 0 _a930.10285
_bAKH
100 _aAkhtar, Mohammad Jamil
245 _aBabri Masjid
_b a Tale Untold
260 _aDelhi
_bInstt.Of Objective Studies
_c1997
300 _a389p
500 _aincludes index and biblioraphy
505 2 _aGlossary
650 _aBabri Masjid-Archaelogy
700 1 _aAkhtar, Mohammad Jamil
902 _bSRS
942 _cBK
999 _c15981
_d15981